000 00795nam a22002537a 4500
001 BR9606408
003 BR-BrBNA
005 20230928095312.0
007 ta
008 230509b bl.||||| |||| 00| 0 por d
040 _aBR-BrBNA
_bpor
_cBiblioteca Nacional de Agricultura
041 _a(Por)
072 _aP01
090 _ P01 BR9606408
100 1 _aSalles, P.S.B. de A. (coord.)
111 1 _a2. Seminario para Jornalistas sobre Populacao , Meio Ambiente e Desenvolvimento
_cCuritiba, PR (Brazil)
_d18-22 Feb 1992
245 1 _a2. Seminario para Jornalistas Sobre Populacao, Meio Ambiente e Desenvolvimento
260 3 _aCuritiba, PR (Brasil):
_c1992.
300 _a132 p.
650 _aMeio Ambiente
650 _aEcologia
909 _a202309
_bLucia
_c55
_dLucia Elande
942 _cBK
999 _c55753
_d55753